| 000 | 01581nam2a22002771 4500 | ||
|---|---|---|---|
| 001 | RU\NLR\INFOCOMM16\1000023013 | ||
| 005 | 20250617152459.0 | ||
| 035 | _a(NLR Aleph) 002744374 | ||
| 090 |
_a2083851 _c2083851 |
||
| 100 | _a20040129d1936 |||y0rusy50 ca | ||
| 101 | 0 | _arus | |
| 102 | _aRU | ||
| 105 | _ay ||||||||| | ||
| 200 | 1 |
_aМатериалы по синонимике каменноугольных пластов Кемеровского района _fКупман С.В. _gШкорбатов С.И. _gЕгоров Е.И. |
|
| 210 |
_d1936 _aБ. м. |
||
| 461 | 0 |
_1001RU\NLR\INFOCOMM16\1000022337 _12001#$aТруды Всесоюзного научно-исследовательского геологического института (ВСЕГЕИ)$fКом. по делам геологии при СНК СССР$vВып.53 _92083501 _aВсесоюзный научно-исследовательский геологический институт им. А. П. Карпинского (Ленинград) _cМ. _d1934 - 1992 _fКом. по делам геологии при СНК СССР _nГосгеолиздат _tТруды Всесоюзного научно-исследовательского геологического института (ВСЕГЕИ) _vВып.53 |
|
| 700 | 1 |
_aКупман _bС.В. _4070 |
|
| 701 | 1 |
_aШкорбатов _bС.И. _4070 |
|
| 701 | 1 |
_aЕгоров _bЕ.И. _4070 |
|
| 801 | 1 |
_aRU _bInfoComm _c20040129 |
|
| 801 | 0 |
_aRU _bNLR _gPSBO |
|
| 852 |
_aNLR _jП7/443 |
||
| 942 | _cISSUE | ||
| 980 | _aNB | ||
| 980 | _aRUSPER | ||